| 000 | 01154nac a22003131i 4500 | ||
|---|---|---|---|
| 003 | EG-ScBUE | ||
| 005 | 20241221114539.0 | ||
| 008 | 241221s1996 gw f b 001 0 eng d | ||
| 020 | _a3540614621 | ||
| 020 | _a9783540614623 | ||
| 040 |
_aEG-ScBUE _beng _erda _cEG-ScBUE _dEG-ScBUE |
||
| 082 | 0 | 4 |
_a523.88 _bROL _222 |
| 111 |
_dc Garching, Germany) _d (1995 Sep : |
||
| 245 | 0 | 4 |
_aThe role of dust in the formation of stars : _bproceedings of the ESO Workshop held at GarchingGermany, 11-14 September 1995 / _cHans Ulrich Kaufl, Ralf Siebenmorgen (eds.) |
| 264 | 1 |
_aBerlin : _bSpringer, _c1996. |
|
| 300 |
_a460 pages ; _b24 cm. |
||
| 336 |
_2rdacontent _atext _btxt |
||
| 337 |
_aunmediated _2rdamedia _bn |
||
| 338 |
_avolume _bnc _2rdacarrier |
||
| 490 | 0 | _aESO astrophysics symposia | |
| 504 | _aIncludes bibliographical references and index. | ||
| 650 | 7 |
_aStars _xObservations _vCongresses. _2BUEsh |
|
| 650 | 7 |
_aCosmic dust _vCongresses. _2BUEsh |
|
| 650 | 7 |
_aInfrared astronomy _xCongresses. _2BUEsh |
|
| 655 | _vReading book | ||
| 700 | 1 |
_aKaufl, Hans Ulrich, _eeditor. |
|
| 700 | 1 |
_aSiebenmorgen, Ralf, _d1963- _eeditor. |
|
| 942 |
_cBB _2ddc |
||
| 999 |
_c5549 _d5549 |
||